| 000 | 00473nam a2200169 a 4500 | ||
|---|---|---|---|
| 005 | 20140412111244.0 | ||
| 008 | 010604s19uu xx 00 eng d | ||
| 020 | _a1-85830-552-7 | ||
| 050 |
_aM 220.9 _bDa27 1997 |
||
| 245 | _aDavid and Goliath. | ||
| 260 |
_aLondon : _bGrandreams Limited, _c1997. |
||
| 300 | _a1v. (unp.) ; ill. | ||
| 440 | _aA Good Night Sleep Tight Storybook | ||
| 650 | _aBible Stories, O.T. | ||
| 650 | _aBible character, O.T. | ||
| 999 |
_c102866 _d102866 |
||